Statistics for Counties of Norway

Click here to take the quiz!

General Stats

  • This quiz has been taken 108 times
  • The average score is 14 of 19

Answer Stats

County% Correct
Oslo
96%
Finnmark
91%
Nordland
83%
Troms
80%
Vestfold
80%
Telemark
78%
Vest-Agder
74%
Akershus
72%
Buskerud
72%
Nord-Trøndelag
70%
Oppland
70%
Østfold
70%
Sør-Trøndelag
70%
Aust-Agder
69%
Rogaland
69%
Hedmark
67%
Hordaland
65%
Møre og Romsdal
65%
Sogn og Fjordane
59%

Score Distribution

Percentile by Number Answered

Percent of People with Each Score

Your Score History

You have not taken this quiz